000 00319 a2200157 4500
001 192785
020 _a978-85-8392-115-8
040 _cMagnum
100 _aMuniz, Flávia
240 1 0 _aTique-taque
_lpor
245 1 0 _aTique-taque
300 _a14
362 0 _a2017
697 _aLITERATURA INFANTO
942 _cBK
999 _c192785
_d192785